000 00494nam a2200157 a 4500
005 20140414093843.0
008 090319s19uu xx 00 eng d
020 _a89-86744-70-8
050 _aCD 420.7
_bCAM 2007
100 _aCambridge
245 _aIELTS - 6 with answers :
_bexamination papers from University of Cambridge ESOL Examinations /
_cCambridge.
260 _bCambridge University Press,
_cc2007.
650 _aEnglish as a second language.
942 _cAVM
999 _c109423
_d109423